UEFA Top 500 football clubs in the past 5 years - Statistics

General Stats
  • This quiz has been taken 1,046 times
  • The average score is 47 of 500
Answer Stats
Hint Answer % Correct
6. Real Madrid
92%
125. Esp. Barcelona
88%
7. FC Barcelona
88%
1. Manchester City
88%
4. Liverpool
80%
3. FC Chelsea
79%
13. Bor. Dortmund
74%
40. AC Mailand
73%
23. FC Arsenal
73%
235. FC Inter
73%
28. Atal. Bergamo
72%
2. Bayern München
69%
5. Paris SG
69%
18. Tottenham
66%
8. Manchester Utd.
63%
19. FC Sevilla
62%
25. B. Leverkusen
57%
11. Atlético Madrid
56%
52. Ol. Marseille
54%
15. RB Leipzig
54%
297. FC Turin
51%
17. FC Porto
50%
44. FC Valencia
50%
21. Benfica
48%
20. E. Frankfurt
48%
9. Juventus Turin
46%
33. Sporting
46%
12. AS Rom
45%
10. Ajax Amsterdam
44%
16. FC Villarreal
44%
48. West Ham Utd.
44%
76. Bor. M'gladbach
42%
98. Union SG
42%
72. VfL Wolfsburg
41%
27. RB Salzburg
39%
71. Leicester City
38%
57. LOSC Lille
38%
38. PSV Eindhoven
38%
31. FC Brügge
36%
39. Lazio Rom
36%
96. SC Freiburg
36%
181. 1.FC Köln
34%
35. Feyenoord
34%
34. FC Basel
33%
55. Galatasaray
33%
220. Heart of Midl.
33%
54. Real Sociedad
33%
22. SSC Neapel
33%
50. BSC Young Boys
32%
124. AC Florenz
31%
59. AS Monaco
31%
24. Olympique Lyon
31%
107. RSC Anderlecht
30%
80. TSG Hoffenheim
30%
99. Besiktas
29%
56. Celtic Glasgow
29%
60. Fenerbahce
29%
64. Malmö FF
29%
36. SC Braga
29%
30. Glasgow Rangers
28%
82. Rapid Wien
28%
53. Zenit S-Pb
28%
182. Austria Wien
27%
84. FC Schalke 04
27%
29. Dinamo Zagreb
26%
43. FC Kopenhagen
25%
83. KRC Genk
25%
149. FC Nantes
24%
51. KAA Gent
24%
32. Slavia Prag
24%
74. Lok Moskau
23%
37. Rennes
23%
100. Sparta Prag
23%
117. AEK Athen
22%
42. AZ Alkmaar
22%
426. FC Augsburg
22%
192. G. Bordeaux
20%
41. Roter Stern
20%
347. Spartak
20%
108. Sturm Graz
20%
496. Grasshoppers
19%
120. HJK Helsinki
19%
45. Olymp. Piräus
19%
63. Partizan
19%
46. Betis Sevilla
18%
49. Dynamo Kiew
18%
67. PAOK Saloniki
18%
432. RNK Split
18%
115. Legia Warschau
17%
110. OGC Nizza
17%
113. Trabzonspor
17%
89. Wolverhampton
17%
130. FC Zürich
16%
62. Ferencváros
16%
78. FK Bodø/Glimt
16%
47. LASK
16%
114. Rosenborg
16%
299. R. Straßburg
16%
73. Slo. Bratislava
16%
94. Union Berlin
16%
498. Celta Vigo
15%
70. Molde FK
15%
26. Shakhtar D.
15%
222. AS St.-Étienne
14%
374. IFK Göteborg
14%
69. M. Tel Aviv
14%
150. Aberdeen FC
13%
132. Bröndby IF
13%
171. AIK
12%
58. Basaksehir
12%
61. CFR Cluj
12%
14. Inter Mailand
12%
75. Viktoria Pilsen
12%
90. ZSKA Moskau
12%
127. FC Riga
11%
79. FC Sheriff
11%
369. FC Utrecht
11%
145. FC Vaduz
11%
104. Maccabi Haifa
11%
135. NK Maribor
11%
357. Panathinaikos Athen
11%
68. Qarabag FK
11%
439. Sampdoria
11%
495. Southampton
11%
493. 1.FSV Mainz 05
10%
427. FC Groningen
10%
138. Hajduk Split
10%
244. KF Tirana
10%
77. Ludogorets
10%
269. Servette FC
10%
251. AEL Limassol
9%
93. Apol. Limassol
9%
431. Dnipro
9%
101. FC Astana
9%
103. FC Granada
9%
65. FC Midtjylland
9%
119. FCSB
9%
497. MTK Budapest
9%
148. SK Dnipro-1
9%
91. Stand. Lüttich
9%
270. Aarhus GF
8%
97. APOEL Nikosia
8%
95. BATE Borisov
8%
203. FC Lugano
8%
249. FC St. Gallen
8%
163. FK Sarajevo
8%
111. HNK Rijeka
8%
105. Lech Posen
8%
85. Royal Antwerpen
8%
293. Twente Enschede
8%
178. Vit. Guimarães
8%
441. Aalborg BK
7%
301. FC Burnley
7%
405. Rabotn. Skopje
7%
425. Bursaspor
6%
188. Dinamo Minsk
6%
327. FK Rostov
6%
223. Hibernian FC
6%
321. Rubin Kazan
6%
141. Shamrock Rovers
6%
102. Wolfsberger AC
6%
87. Djurgården
5%
314. Dundee United
5%
122. FC Flora
5%
325. FC Thun
5%
475. FC Tiraspol
5%
376. FK TSC
5%
438. Hapoel Tel Aviv
5%
215. Levski Sofia
5%
153. NK Osijek
5%
331. Nordsjaelland
5%
227. Rio Ave FC
5%
88. Sivasspor
5%
398. SK Brann
5%
208. Valletta FC
5%
121. Zalgiris
5%
112. ZSKA Sofia
5%
131. AEK Larnaka
4%
165. Aris Saloniki
4%
334. B. Jerusalem
4%
159. B. Podgorica
4%
139. CS U Craiova
4%
368. Dinamo Moskau
4%
142. Dundalk FC
4%
219. Elfsborg
4%
401. FC Lahti
4%
243. FC U Craiova
4%
66. FK Krasnodar
4%
395. FK Podgorica
4%
224. Hammarby IF
4%
86. H. Beer Sheva
4%
128. Omonia Nikosia
4%
193. Slovan Liberec
4%
81. Spartak Moskau
4%
328. Stade Reims
4%
444. Tromsø IL
4%
242. Viking FK
4%
116. Vitesse Arnheim
4%
151. Anorthosis
3%
206. BK Häcken
3%
272. Bohemians
3%
157. Dinamo Tiflis
3%
118. FC Getafe
3%
175. FC Luzern
3%
358. Konyaspor
3%
257. KR Reykjavík
3%
184. Lincoln FC
3%
186. Lok. Plovdiv
3%
459. Metalist
3%
393. Mosta FC
3%
259. Motherwell FC
3%
252. MSK Zilina
3%
443. PEC Zwolle
3%
191. Rakow
3%
262. RFCU Luxemburg
3%
296. RSC Charleroi
3%
250. Újpest FC
3%
434. VSS Kosice
3%
380. Asteras Tripoli
2%
179. Breidablik
2%
277. Cork City
2%
190. Čukarički
2%
279. Derry City
2%
264. FC Ballkani
2%
366. FC Koper
2%
197. FC Santa Coloma
2%
106. Fehérvár
2%
310. FK Ufa
2%
195. FK Ventspils
2%
445. Go Ahead Eagles
2%
370. Górnik Zabrze
2%
324. Hapoel Haifa
2%
205. Honvéd
2%
109. Jablonec
2%
375. Jeunesse Esch
2%
143. Kairat Almaty
2%
154. KÍ Klaksvík
2%
400. Kilmarnock FC
2%
263. Lillestrøm
2%
147. Linfield FC
2%
136. NK Olimpija
2%
164. NS Mura
2%
372. OFI Kreta
2%
266. Pogon Stettin
2%
162. Randers FC
2%
289. Santa Clara
2%
218. Silkeborg IF
2%
440. Skonto
2%
123. Spartak Trnava
2%
140. The New Saints
2%
379. TSV Hartberg
2%
422. UE Santa Coloma
2%
397. Vardar Skopje
2%
322. Willem II
2%
185. 1.FC Slovacko
1%
390. AC Escaldes
1%
344. Alanyaspor
1%
360. Aris Limassol
1%
306. AS Trencin
1%
253. Atromitos Athen
1%
341. Birkirkara FC
1%
386. Botev Plovdiv
1%
437. CD Nacional
1%
436. Cherno More
1%
336. Cracovia
1%
212. Crusaders
1%
158. CS Fola Esch
1%
464. Daugavpils
1%
367. Debreceni VSC
1%
216. Dinamo Batumi
1%
435. EA Guingamp
1%
377. Esbjerg fB
1%
446. Estoril Praia
1%
456. ETO FC Győr
1%
201. Europa FC
1%
129. F91 Düdelingen
1%
183. FCI Levadia
1%
278. FCV Farul
1%
361. FK Gomel
1%
199. FK Partizani
1%
239. FK Qabala
1%
281. Floriana FC
1%
287. Gil Vicente
1%
403. Glenavon
1%
340. Glentoran
1%
288. Hamrun Spart.
1%
200. HB Tórshavn
1%
500. Heracles Almelo
1%
452. Hull City
1%
217. IC d'Escaldes
1%
332. IFK Norrköping
1%
333. Ilves
1%
448. Inverness CT
1%
329. Jagiellonia
1%
160. KF Laçi
1%
433. KSC Lokeren
1%
134. KuPS
1%
265. Larne FC
1%
282. Lechia Gdansk
1%
137. Neftchi Baku
1%
463. Petrolul
1%
240. Puskás AFC
1%
238. Radnicki Nis
1%
174. RFS
1%
429. Ruch Chorzow
1%
261. Ruzomberok
1%
133. Shkendija
1%
450. SKN St. Pölten
1%
320. Slask Wroclaw
1%
300. Slavia Sofia
1%
268. Sligo Rovers
1%
317. Sochi
1%
350. Spartaks
1%
304. St. Johnstone
1%
211. Tre Fiori
1%
236. Tre Penne
1%
194. Valur
1%
246. Velez Mostar
1%
283. | 285. Víkingur
1%
221. Vojvodina
1%
303. Zeljeznicar
1%
92. Zorya Lugansk
1%
146. Zrinjski Mostar
1%
483. Aberystwyth
0%
485. Airbus UK
0%
356. Akademija Pandev
0%
276. Akhisarspor
0%
168. Ararat-Armenia
0%
291. Ararat Erewan
0%
365. Arda Kardzhali
0%
378. Arsenal Tula
0%
479. ASA 2013 Tg. Ms
0%
169. B36 Tórshavn
0%
237. Bala
0%
411. Ballymena
0%
311. Balzan FC
0%
486. Banga
0%
399. Barry Town
0%
234. B. Banja Luka
0%
307. Bnei Yehuda
0%
442. Brommapojkarna
0%
389. Bruno's Magpies
0%
449. B SAD
0%
424. Cardiff Met
0%
423. Cefn Druids
0%
274. Chikhura
0%
460. Chornomorets
0%
280. Cliftonville
0%
254. Coleraine
0%
187. Connah's Quay
0%
419. CSF Speranta
0%
458. Daugava Riga
0%
348. Desna Chernigiv
0%
416. Dinamo-Auto
0%
462. Diósgyőr
0%
144. Dunajska Streda
0%
176. Dynamo Brest
0%
454. Ekranas
0%
488. Ermis Aradippou
0%
371. FC Admira Wacker Mödling
0%
152. FC Alashkert
0%
364. FC Ashdod
0%
382. FC Botosani
0%
352. FC Differdingen 03
0%
354. FC Dila Gori
0%
167. FC Drita
0%
392. FC Gagra
0%
305. FC Honka
0%
319. FC Llapi
0%
338. FC Locomotive
0%
414. FC Luftëtari
0%
351. FC Noah Erewan
0%
226. FC Prishtina
0%
402. FC Samtredia
0%
492. FC Saxan
0%
166. FC Shkupi
0%
491. FC Veris
0%
470. FC Zestafoni
0%
489. FK Celik Niksic
0%
318. FK Decic Tuzi
0%
330. FK Haugesund
0%
355. FK Iskra Danilovgrad
0%
209. FK Kukësi
0%
189. FK Liepaja
0%
474. FK Lovcen
0%
228. FK Mariupol
0%
275. FK Oleksandriya
0%
471. FK Olimpik
0%
421. FK Sabail
0%
126. FK Suduva
0%
362. FK Tuzla City
0%
473. Flamurtari FC
0%
453. Fram Reykjavík
0%
415. Gandzasar
0%
465. Grödig
0%
180. Gzira Utd.
0%
225. Hafnarfjördur
0%
391. Hesperingen
0%
173. Hibernians FC
0%
482. Horizont Turn.
0%
408. ÍBV
0%
476. ÍF Fuglafjördur
0%
409. Irtysh
0%
472. Jagodina
0%
339. JK Trans Narva
0%
467. Juvenes-Dogana
0%
231. Kalju FC
0%
447. Karabükspor
0%
210. Kauno Zalgiris
0%
384. Kaysar
0%
385. KF Feronikeli
0%
207. KF Teuta
0%
267. KF Vllaznia
0%
455. Kiryat Shmona
0%
316. Kisvárda
0%
233. Kolos Kovalivka
0%
487. Kruoja
0%
315. Kyzylzhar
0%
204. La Fiorita
0%
468. Libertas
0%
428. Litex Lovech
0%
359. Maccabi Netanya
0%
313. Makedonija
0%
480. Metalurg Skopje
0%
469. MIKA Erewan
0%
202. Milsami
0%
335. Mlada Boleslav
0%
394. Mons Calpe
0%
451. MYPA
0%
477. Neman Grodno
0%
295. Newtown
0%
323. NK Celje
0%
196. NK Domzale
0%
343. NK Lokomotiva
0%
373. NK Rudar Velenje
0%
256. NSÍ Runavík
0%
342. OFK Titograd
0%
308. Ordabasy
0%
290. Paços Ferreira
0%
241. Paide
0%
292. Panevezys
0%
170. Petrocub
0%
255. Piast Gliwice
0%
198. Pr. Niederkorn
0%
156. Pyunik Erewan
0%
410. Radnik Bijelj.
0%
383. Renova
0%
232. Riteriai
0%
404. RoPS
0%
407. Rudar Pljevlja
0%
214. Saburtalo
0%
346. Sant Julia
0%
490. Santos Tartu
0%
229. Sarpsborg 08
0%
353. SC Gjilani
0%
245. Schamachi
0%
247. Sepsi OSK
0%
258. Sfintul Gheor.
0%
294. Shakhter K.
0%
406. Shirak Gyumri
0%
302. Sigma Olmütz
0%
298. Sileks Kratovo
0%
484. Sillamäe Kalev
0%
466. Sioni Bolnisi
0%
417. Sirens FC
0%
271. Siroki Brijeg
0%
387. SJK Seinäjoki
0%
430. Sliema Wander.
0%
155. Soligorsk
0%
337. SönderjyskE
0%
345. SS Folgore
0%
499. Stabæk Fotball
0%
230. Stjarnan
0%
213. St. Joseph's FC
0%
284. St. Pat's
0%
396. Struga
0%
418. Stumbras
0%
312. Sumqayit
0%
161. Sutjeska Niksic
0%
420. Titus Petingen
0%
172. Tobol Kostanay
0%
248. Torpedo Kutaisi
0%
381. Torpedo Zhodino
0%
481. Tskhinvali
0%
457. UCD
0%
309. UE Engordany
0%
478. Ulisses Erewan
0%
273. Urartu Erewan
0%
363. Vålerenga Fotball
0%
260. Valmiera
0%
286. Viborg FF
0%
412. Vitebsk
0%
177. Vorskla Poltava
0%
349. Y. Malatyaspor
0%
494. Zaglebie Lubin
0%
413. Zaria Balti
0%
461. Zawisza
0%
326. Zeta Golubovac
0%
388. Zira FK
0%
No matching quizzes found
Score Distribution
Percent of People with Each Score
Percentile by Number Answered
Your Score History
You have not taken this quiz